000 00389cam a2200157ua 4500
041 _amal
_h
082 _a894.812301
_bDAM/SA
100 _aDamodharan, K .
245 _aSahithya niroopanam /
_cK Damodharan.
_hTextual Documents
250 _a1 /
_b.
260 _aEranakulam :
_bC I C C Book House ,
_c1963.
300 _a164 ; .
504 _a
942 _cBK
999 _c11447
_d11447